000 00614cam a22002053a 4500
001 45334
003 PGUSA
005 20140828084039.0
008 140406s2014||||xxu|||||s|||||000 | eng d
040 _aPGUSA
_beng
042 _adc
100 1 _aManzoni, Alessandro,
_d1785-1873
245 1 0 _aI promessi sposi :
_bOpere di Alessando Manzoni, vol. 1
_h[electronic resource] /
_cAlessandro Manzoni
260 _bProject Gutenberg,
_c2014
506 _aPublic domain in the USA.
516 _aElectronic text
830 0 _aProject Gutenberg
_v45334
856 4 0 _uhttp://www.gutenberg.org/ebooks/45334
942 _cEB
999 _c274585
_d274585